Postać z Harrego Pottera po inicjałach. - Statystyki

Ogólne statystyki
  • Ten quiz został rozwiązany 164 razy
  • Średni wynik to 12 z 30
Statystyki odpowiedzi
Inicjały Postać % Poprawnych
HP Harry Potter
100%
RW Ron Weasley
97%
HG Hermiona Granger
95%
DM Draco Malfoy
76%
NL Neville Longbottom
76%
FW Fred Weasley
75%
GW George Weasley
72%
SS Salazar Slytherin | Severus Snape
69%
AD Albus Dumbledore | Aberforth Dumbledore | Antonin Dołohow | Armando Dippet
63%
SB Syriusz Black
45%
RL Remus Lupin
36%
RH Rubeus Hagrid
34%
LM Lucjusz Malfoy
29%
JP James Potter
27%
HH Helga Hufflepuff
26%
LP Lily Potter
26%
GG Gregory Goyle | Godrick Gryffindor
24%
MM Minerva McGonnagal
23%
AM Alastor Moody
21%
BL Bellatrix Lestrange
21%
NT Nimfadora Tonks
21%
VC Vincent Crabb
21%
RR Rowena Ravenclaw
20%
GL Gilderoy Lockhart
18%
TMR Thomas Marvolo Riddle/Lord Voldemort
16%
BC (junior) Bartemiusz Crouch
15%
KQ Kwiryniusz Quirell
15%
PP Peter Pettigrew
14%
MF Mundungus Fletcher
3%
KS Kingsley Shacklebott
1%
Nie znaleziono quizów pasujących do podanych kryteriów
Rozkład punktacji
Procent ludzi z każdym wynikiem
Percentyl według liczby udzielonych odpowiedzi
Twoja historia wyników
Nie rozwiązałeś tego quizu